000 00680cam a22001934a 4500
005 20250605164337.0
008 250528s ||||||||||||||||||||||||d
035 _a23475
040 _aGR-AtMCL
_bgre
_dGR-AtMCL
_eAACR2
245 1 _aAn FDA Analysis for the Social Construction of Correctional Institutions and Its Impact on Prison-Based Psychological Interventions
260 _c2015
300 _a77
520 _aAcknowledgements, Introduction, Methodology, Analysis, Discussion, References, Appendices, Cover-Letter, CV.
700 1 _aLouka Penelope
_99017
700 1 _aSiompotis Oliver-Stefanos-Philippos
_99040
942 _cDS
999 _c8485
_d8485